UEFA Euro 1972 Host Cities and Stadiums - Statistics

General Stats
  • This quiz has been taken 30 times
  • The average score is 5 of 7
Answer Stats
Picture Hint Answer % Correct
Belgium Antwerpen
100%
Belgium Bruxelles / Brussel
100%
Belgium Liège
94%
1 game | Capacity: 75.000 Stade du Heysel / Heizelstadion
88%
1 game | Capacity: 30.000 Stade Émile Versé / Émile Verséstadion
53%
1 game | Capacity: 35.000 Stade Maurice Dufrasne
47%
1 game | Capacity: 60.000 Bosuilstadion
41%
No matching quizzes found
Score Distribution
Percent of People with Each Score
Percentile by Number Answered
Your Score History
You have not taken this quiz